000 01181nam a2200241Ia 4500
003 AR-RoIUNI
005 20241122062907.0
007 ta
008 150616s2007 sp r 000 1 spa d
020 _a9788481749892
040 _cIUNIR
080 _a611.31
100 1 _aAvery, James K.
245 1 0 _aPrincipios de histología y embriología bucal con orientación clinica /
_cJames K. Avery, Daniel L. Chiego, Jr.
250 _a3a. ed.
260 _aMadrid :
_bElsevier,
_cc2007
300 _a242 p. ;
_c27cm
505 0 _a1. Desarrollo y estructura de las células y tejidos -- 2. Estructura y función de las células, tejidos y órganos -- 3. Desarrollo de la región orofacial -- 4. Desarrollo de la cara y paladar -- 5. Desarrollo de los dientes -- 6. Erupción y caída de los dientes -- 7. Esmalte -- 8. Dentina -- 9. Pulpa dental -- 10. Cemento -- 11. Periodonto: ligamento periodontal -- 12. Periodonto: apófisis alveolar y cemento -- 13. Articulación temporomandibular -- 14. Mucosa bucal -- 15. Glándulas salivares y tonsilas -- 16. Biofilms.
650 0 _aOdontología
_9546
650 0 _aHistología
_961
700 1 _aChiego, Daniel, J.
942 _cBK
_2cdu
999 _c1160
_d1160